Planet of the Apemen: Battle for Earth (Record no. 334343)
[ view plain ]
| 000 -LEADER | |
|---|---|
| fixed length control field | 00527nam a2200097Ia 4500 |
| 008 - FIXED-LENGTH DATA ELEMENTS--GENERAL INFORMATION | |
| fixed length control field | 170517s9999 xx 000 0 und d |
| 245 ## - TITLE STATEMENT | |
| Title | Planet of the Apemen: Battle for Earth |
| 300 ## - PHYSICAL DESCRIPTION | |
| Extent | The story of how Homo sapiens once shared the Earth with other species of hominid, and how, against all the odds, we survived. Homo Erectus. In the not-too-distant past, humans shared this planet with other species of hominid. This... |
| 650 ## - SUBJECT ADDED ENTRY--TOPICAL TERM | |
| General subdivision | Science. |
| 856 ## - ELECTRONIC LOCATION AND ACCESS | |
| Uniform Resource Identifier | <a href="http://topdocumentaryfilms.com/planet-of-the-apemen-battle-for-earth/">http://topdocumentaryfilms.com/planet-of-the-apemen-battle-for-earth/</a> |
| Withdrawn status | Lost status | Damaged status | Home library | Current library | Date acquired | Total Checkouts | Date last seen | Price effective from | Koha item type |
|---|---|---|---|---|---|---|---|---|---|
| College Library | College Library | 05/17/2017 | 05/17/2017 | 05/17/2017 | Documentary Films |